LEADER 01401nam--2200373---450- 001 990005886050203316 005 20130917163512.0 010 $a88-14-18127-6 035 $a000588605 035 $aUSA01000588605 035 $a(ALEPH)000588605USA01 035 $a000588605 100 $a20130917d2013----km-y0itay50------ba 101 $aita 102 $aIT 105 $a||||||||001yy 200 1 $aAfferrare... l'inafferrabile$ei giuristi e il diritto della nuova economia industriale fra Otto e Novecento$eatti della Giornata di studi storici e giuridici$eBrescia, 11 maggio 2012$fa cura di Alberto Sciumè, Elisabetta Fusar Poli 210 $aMilano$cGiuffre$d2013 215 $aVIII, 216 p.$d24 cm 225 $aCollana del dipartimento di giurisprudenza dell'Università degli studi di Brescia 410 0$1001000588604$12001$aCollana del dipartimento di giurisprudenza dell'Università degli studi di Brescia 606 0 $aBeni immateriali$xTutela$xSec. 19.-20.$2BNCF 676 $a346.45048 702 1$aSCIUME',$bAlberto 702 1$aFUSAR POLI,$bElisabetta 801 0$aIT$bsalbc$gISBD 912 $a990005886050203316 951 $aXXV.3.D. 84$b77913 G.$cXXV.3.D.$d00342854 959 $aBK 969 $aGIU 979 $aCHIARA$b90$c20130917$lUSA01$h1633 979 $aCHIARA$b90$c20130917$lUSA01$h1635 996 $aAfferrare... l'inafferrabile$91085385 997 $aUNISA LEADER 03452nam 22007094a 450 001 9910816063903321 005 20200520144314.0 010 $a9786610237203 010 $a9781782688921 010 $a1782688927 010 $a9781280237201 010 $a1280237201 010 $a9780470798287 010 $a0470798289 010 $a9780470776414 010 $a0470776412 010 $a9781405150255 010 $a1405150254 035 $a(CKB)1000000000342065 035 $a(EBL)239874 035 $a(OCoLC)475951745 035 $a(SSID)ssj0000113062 035 $a(PQKBManifestationID)11140507 035 $a(PQKBTitleCode)TC0000113062 035 $a(PQKBWorkID)10099167 035 $a(PQKB)11576721 035 $a(MiAaPQ)EBC239874 035 $a(Au-PeEL)EBL239874 035 $a(CaPaEBR)ebr10158803 035 $a(CaONFJC)MIL23720 035 $a(OCoLC)437153193 035 $a(Perlego)2777699 035 $a(EXLCZ)991000000000342065 100 $a20050222d2006 uy 0 101 0 $aeng 135 $aur|n|---||||| 181 $ctxt 182 $cc 183 $acr 200 04$aThe Blackwell guide to Plato's Republic /$fedited by Gerasimos Santas 205 $a1st ed. 210 $aMalden, MA ;$aOxford $cBlackwell Pub.$d2006 215 $a1 online resource (304 p.) 225 1 $aBlackwell guides to great works 300 $aDescription based upon print version of record. 311 08$a9781405115643 311 08$a1405115645 311 08$a9781405115636 311 08$a1405115637 320 $aIncludes bibliographical references (p. [283]-284) and index. 327 $aThe literary and philosophical style of the Republic / Christopher Rowe -- Allegory and myth in Plato's Republic / Jonathan Lear -- Socrates' refutation of Thrasymachus / Rachel Barney -- Plato's challenge : the case against justice in Republic II / Christopher Shields -- The gods and piety of Plato's Republic / Mark L. McPherran -- Plato on learning to love beauty / Gabriel Richardson Lear -- Methods of reasoning about justice in Plato's Republic / Gerasimos Santas -- The analysis of the soul in Plato's Republic / Hendrik Lorenz -- The divided soul and desire for the good in Plato's Republic / Mariana Anagnostopoulos -- Plato and the ship of state / David Keyt -- Knowledge, recollection, and the forms in Republic VII / Michael T. Ferejohn -- The forms in the Republic / Terry Penner -- Plato's defense of justice in the Republic / Rachel G.K. Singpurwalla. 330 $aThe Blackwell Guide to Plato's Republic consists of thirteen new essays written by both established scholars and younger researchers with the specific aim of helping readers to understand Plato's masterwork. The essays shed new light on many central features and themes of the Republic including: Plato's literary and philosophical style; his use of myths, metaphors, and allegories; his theories of justice and knowledge; and his treatment of psychology, education, myth, and the divine. Contributors include Christopher Rowe, David Keyt, Jonathan Lear, Terry Penner, Rachel Barney, and Hendrik Lore 410 0$aBlackwell guides to great works. 676 $a321/.07 701 $aSantas$b Gerasimos Xenophon$0304969 801 0$bMiAaPQ 801 1$bMiAaPQ 801 2$bMiAaPQ 906 $aBOOK 912 $a9910816063903321 996 $aThe Blackwell guide to Plato's Republic$92255155 997 $aUNINA LEADER 01934nam0 22003493i 450 001 PUV0762700 005 20251003044315.0 010 $a0471394424 010 $a9780471394426 100 $a20091013d2002 ||||0itac50 ba 101 | $aeng 102 $aus 181 1$6z01$ai $bxxxe 182 1$6z01$an 200 1 $aModeling and analysis of dynamic systems$fCharles M. Close, Dean K. Frederick, Jonathan C. Newell 205 $a3. ed 210 $aNew York [etc.]$cJ. Wiley$dc2002 215 $aXIV, 576 p.$d26 cm. 606 $aSistemi$xAnalisi$2FIR$3MILC029658$9I 676 $a003$9SISTEMI$v14 676 $a003$9Sistemi$v22 700 1$aClose$b, Charles M.$3RMSV016189$4070$0313940 701 1$aNewell$b, Jonathan C.$3PUVV298908$4070$0771461 701 1$aFrederick$b, Dean K.$f <1934- >$3RMSV017360$4070$026342 801 3$aIT$bIT-000000$c20091013 850 $aIT-BN0095 901 $bNAP 01$cSALA DING $n$ 912 $aPUV0762700 950 0$aBiblioteca Centralizzata di Ateneo$b1 v. (5. copia)$c1 v. in 5 copie$d 01SALA DING 003 CLO.mo$e 0102 0000074235 VMA 1 v.$fY $h20091013$i20091013$b1 v. (5. copia)$c1 v. in 5 copie$d 01SALA DING 003 CLO.mo$e 0102 0000074245 VMA (bis 1 v. (2. copia)$fA $h20091013$i20091013$b1 v. (5. copia)$c1 v. in 5 copie$d 01SALA DING 003 CLO.mo$e 0102 0000074255 VMA (ter 1 v. (3. copia)$fA $h20091013$i20091013$b1 v. (5. copia)$c1 v. in 5 copie$d 01SALA DING 003 CLO.mo$e 0102 0000074265 VMA (quater 1 v. (4. copia)$fA $h20091013$i20091013$b1 v. (5. copia)$c1 v. in 5 copie$d 01SALA DING 003 CLO.mo$e 0102 0000074275 VMA (quinquies 1 v. (5. copia)$fA $h20091013$i20091013 977 $a 01 996 $aModeling and analysis of dynamic systems$91574281 997 $aUNISANNIO